MDQL
is popping MORE tags! Check the
thread
!
Quizzes
Events
Quiz Creation
Community
Videos
Private Events
Remove Ads
Sign In
Join for FREE
Feedback
Dark Mode
Quiz Categories
Sports
Geography
Music
Movies
Television
Just For Fun
Miscellaneous
History
Literature
Language
Science
Gaming
Entertainment
Religion
Holiday
For Kids
Quiz Lab
Recent
Popular Today
Quiz Kudos Today
Editor Picks
Curator Picks
Quizzes by...
Day
Popularity
Type
Ratings
Length
Year
Community
Subscriptions
Recent Discussions
Orange Saloon
Badges
Playlists
Quests
Create
Leaderboards
Showdown
Live 5
Trivia Bingo
Activity
Puzzle Library
Sporcle Events
Private Events
Virtual Trivia
Globe League
Become a Host
Pub Owners
SporcleCon
Opinionation
Our Games
Videos
Blog
Mobile Apps
Partnerships
Remove Ads and Go Orange
Feedback
Movies
Disney
Marvel Cinematic Universe
Movie Resume
Movie Titles
Oscar
Actor
Actress
Director
Pixar
Role
Movie Quotes
Movie Characters
Box Office
Nominee
Best Picture
Star Wars
James Bond
Horror Movies
Movies
Disney
Marvel Cinematic Universe
Movie Resume
Movie Titles
Oscar
Actor
Actress
Director
Pixar
Role
Movie Quotes
Movie Characters
Box Office
Nominee
Best Picture
Star Wars
James Bond
Horror Movies
Random Quiz
Search Sporcle
×
Quiz Lab
Quiz Lab
Movies
much
Type in answers that appear in a list
Type in answers that appear in a list
Classic
Best Score? Go Orange.
Our Perfect Love Stats
Can you name the All about us(includes movies, places, and much more)?
By
cfake21
10m
37 Questions
9 Plays
9 Plays
9 Plays
Comments
Comments
Give Quiz Kudos
Give Quiz Kudos
-
- Ratings
hide this ad
Replay
Link that replays current quiz
Next Quiz
Link to next quiz in quiz playlist
You Got
0%
They Got
Avg Score
35%
Avg Friend Score
Upgrade to see
Score Distribution
Jump to the score distribution portion of the page
Score
0/37
Timer
10:00
0
Plays Today
i love you courtney
% Correct
Harrison ford, amish
Witness
66.7%
Brad Pitt, Morgan Freeman
se7en
55.6%
Hitchcock movie
psycho
55.6%
Our first movie
Shawshank redemption
44.4%
Poppop's and mommoms second house
Poconos
44.4%
You me my parents and my mommom visited here
Long beach Island
44.4%
John's Pizza
New York City
44.4%
another girl
ashley
44.4%
Who am i nicest to
Courtney
44.4%
Where are we going together soon to stuff our faces
Shady Maple
44.4%
One of my favoite movies will Billy Crystal
When harry met sally
44.4%
Keira Knightley movie
Pride and Prejudice
44.4%
3 types of flames in a relationship
ahava
44.4%
another flame
raya
44.4%
saw this with sarah and ragland
harry potter
33.3%
saw this with our friends and has your favorite actor
seven pounds
33.3%
Robin williams movie
Patch Adams
33.3%
Frozen subtitles
Rendition
33.3%
Flashlights and party bus
Apple Crest
33.3%
i love you courtney
% Correct
Brad Pitt gets to drunk
A river runs through it
33.3%
Girls your suspicious of
Ali
33.3%
another girl
Vicky
33.3%
another girl (famous)
Alexa Chung
33.3%
another girl
Taylor
33.3%
also watched in my room with brad pitt
Benjamin Button
33.3%
Religious videos with good messages
Nooma
33.3%
Russel Crow Western
3:10 to Yuma
33.3%
(finish the sentence) So heres a present for now and forever
you can have my heart
33.3%
Your mom cried at the ending of this
where the wild things are
22.2%
another girl
Leslie
22.2%
another girl
Kady
22.2%
What you do to much
overreact
22.2%
Guy your madly in love with
Brandon
22.2%
another flame
dod
22.2%
favorite christmas movie
Charlie Brown
22.2%
another girl
Erin
11.1%
Tom cruise movie, watched it in my room
Collateral
11.1%
Quiz Playlist
Details
Report
Send in Message
Add To Playlist
Classic:
Type in answers that appear in a list
Last Updated: Feb 16, 2017
Quiz Scoreboard
CHALLENGE
Sign Up to Join the Scoreboard
Show All
Scores
Hide
Comments
May contain spoilers
Recently Published
5x2 Blitz: Bands
by SL_Kpop136
Music
30s
Colored Red Africa Blitz
by spor1
Geography
30s
Find the 'City' Movie
by crazypaving
Movies
60s
More to Explore
Quiz From the Vault
Featured Blog Post
14 Easter Pick-up Lines to Find Eggs With
hide this ad
You Might Also Like...
Tags
Courtney
Love
much
Perfect
place
Today's Top Quizzes in Movies
Browse Movies
hide this ad
Today's Top Quizzes in much
Browse much
Top Contributed Quizzes in Movies
1
Find The 'Big' Movie
2
Find The 'Wild' Movie
3
Find The 'Blue' Movie
4
Movies By Plot
5
Hidden Star Wars Character II
6
Pick 5 Posters: Directed by Spielberg
7
Hidden Star Wars Character III
8
The ultimate James Bond movie quiz
9
Hidden Star Wars Character IV
10
25 Best Actor Nominees (1990s)
Explore More
Trending Topics
NBA
Crossword
Anime
Disney
Marvel
Kpop
Harry Potter
WWE
Puzzle
Country
The Office
Pokémon
Soccer
NFL
Song
hide this ad
More By:
cfake21
Quiz
Plays
Rating
Category
Featured
Created
Our Perfect Love
9
1.00
Movies
Nov 11, 2009
Go to Creator's Profile
Score Distribution
Quiz Creator Spotlight
cfake21
Follow
Send a Message
Quizzes Created
-
Created Quiz Play Count
-
More By This Creator
Popular Quizzes Today
1
Colored Red Africa Blitz
2
Find the US States - No Outlines Minefield
3
Find the 'City' Movie
4
5x2 Blitz: Bands
5
The Countries of the World
6
Find the US States
7
US States
8
Find the Countries of Europe - No Outlines Minefield
More Movies Quizzes
'M' Comedy Movies
Quiz Lab
Trending Quizzes
Colored Red Europe Blitz I
Colored Red Europe Blitz II
Colored Red Africa Blitz II
Colored Red Europe Blitz III
Colored Red Africa Blitz III
Recently Updated
How Do You Spell That?
pecheneg
Godzilla Movies
pecheneg
Grab Bag: 4-10 Letters
pecheneg
2024 March Madness Bracket
pecheneg
Famous TV Couples
Peacemaker
Champions League XIs: Real Madrid
pecheneg
Largest US Cities 1790-2010
pecheneg
Rides in Walt Disney World
pecheneg
Most Oscar Losses (Acting)
pecheneg
Beyoncé Albums
pecheneg
Trending Topics
NBA
Crossword
Anime
Harry Potter
Kpop
Disney
Marvel
Country
NFL
Song
Soccer
Puzzle
Pokémon
WWE
The Office
Your Account Isn't Verified!
In order to create a playlist on Sporcle, you need to verify the email address you used during registration. Go to your
Sporcle Settings
to finish the process.
Report this User
Report this user for behavior that violates our
Community Guidelines
.
Details:
Send Report
Go to the Sporcle.com Mobile Site →
Comments